LEADER 01050nam a2200217 4500 001 000000358388 003 CaOOAMICUS 005 20240516144839.0 008 240516s1898 it 000 u ita r 040 $aSeMil$bita 100 1 $aGiobbi, Adolfo <1897- >.$0(OLS)http://semarc/name/88292 245 13$aLa Santa Sede e le scoperte portoghesi / $cMons. Adolfo prof. Giobbi. 264 1$aMilano :$bDitta Tipografica F.lli Centenari e C.,$c1898. 300 $a19 p. ;$c25 cm 500 $aDiscorso letto nella solenne Accademia data in Roma il 21 maggio 1898 per commemorare il 4. Centenario della scoperta delle Indie 650 4$aSanta Sede - Relazioni con il Portogallo.$0(OLS)http://semarc/subject/2802 850 $aSeMil 852 $aSeMil$W1$xVenegono$y1$m5B VI 9/8$j248306$B249501$CSeMilBibl$Z2$F249501 $8I 996 $6245$aLa Santa Sede e le scoperte portoghesi / $9(OLS)http://semarc/title/448726 996 $6264$aMilano :$bDitta Tipografica F.lli Centenari e C.$9(OLS)http://semarc/publisher/61094 LEADER 00998nam a2200217 i 4500 001 000000217363 003 CaOOAMICUS 005 20121203000000.0 008 121203s1920 it u000 u ita u 013 $a196260 040 $aSeMil$bita 100 1 $aBazzetta de Vemenia, Nino.$0(OLS)http://semarc/name/73735 245 13$aIl patriziato milanese :$bpassioni, stravaganze, tipi, aneddoti, profili : seguito dalla Leggenda azzurra /$cNino Bazzetta de Vemenia. 260 $a[S.l. :$bs.n.],$c[1920?] 300 $a349 p. :$bill. ;$c18 cm. 650 4$aMilano - Aneddoti.$0(OLS)http://semarc/subject/2741 650 4$aNobili - Milano.$0(OLS)http://semarc/subject/44761 850 $aSeMil 852 $aSeMil$W1$xVenegono$y1$m3O I 40$j167777$B167777$CSeMilBibl$Z2$F178541 $81 996 $6245$aIl patriziato milanese :$bpassioni, stravaganze, tipi, aneddoti, profili : seguito dalla Leggenda azzurra$9(OLS)http://semarc/title/312311 996 $6260$a[S.l. :$bs.n.]$9(OLS)http://semarc/publisher/29751